| 000 | 01191nam a2200193Ia 4500 | ||
|---|---|---|---|
| 008 | 0000002003 sp ad 0000000000mul00 | ||
| 090 | _aPPE02 N13n | ||
| 245 | 1 | 0 |
_aNader Barhumi [Disco compacto] _b: imágenes |
| 300 |
_a1 CD ROM bajo Windows _c/ 12 cm. |
||
| 500 | _aIncluye cronología del artista \ Archivos en formato : Archivo de Microsoft Office Document Imaging y Word \ Texto bilingue: español inglés \ Proyecto Ganador Programa Apoyos Concertados FGAA 2010 | ||
| 501 | _aNader Barhumi : pieza a pieza = Piece by piece / Fieta Jarque | ||
| 505 | _aOBRAS: Tres manzanas árbol de noche árbol del fuego árbol morado Arboles rosados Arbolito Durazno Durazno II El centro El fuego Finito infinito La sombra de la manzana Las tres copas Los gramundos Manto amarillo Manto de agua Manto de aire Manto morado Tríptico espacio y pared Vacas cielo dorado Vacas y ramas | ||
| 600 | 0 | 0 |
_aBARHUMI, NADER, 1960/ _xTRABAJOS PICTORICOS |
| 650 | 1 | 4 | _aARTE CONTEMPORANEO PERUANO CDROM |
| 650 | 1 | 4 | _aARTISTAS PLASTICOS PERUANOS CDROM |
| 650 | 1 | 4 | _aPINTORES PERUANOS CDROM |
| 650 | 1 | 4 | _aPINTURA PERUANA CDROM |
| 999 |
_c12488 _d12488 |
||
| 260 |
_aMadrid : [s.n.] _c2003 |
||